[Event "O2C Doeberl Cup 2019"]
[Site "Canberra"]
[Date "2019.04.18"]
[Round "1.1"]
[White "Melkumyan, Hrant"]
[Black "Kethro, Michael"]
[Result "1-0"]
[WhiteElo "2658"]
[BlackElo "2096"]
[Annotator "TA"]
[PlyCount "49"]
[EventDate "2019.04.17"]
[EventType "swiss"]
[EventCountry "AUS"]
[SourceTitle "playchess.com"]
[Source "ChessBase"]
[SourceQuality "1"]

{[%evp 11,49,34,37,30,52,47,50,48,41,27,32,0,12,35,24,34,36,27,0,0,32,-27,-4,0,82,90,84,83,166,172,156,172,171,158,207,187,186,188,277,266]} 1. e4 c5 2. Nf3 e6 3. d4 cxd4 4. Nxd4 Nc6 {[%cal Bb8c6,Bc6e5,Be5g4][%mdl 32]} 5. Nc3 Qc7 6. Be3 a6 7. Qf3 {B48: Sicilian: Taimanov: 5 Nc3 Qc7 6 Be3 a6 without Be2} Ne5 $146 ({Predecessor:} 7... Nf6 8. O-O-O Ne5 9. Qg3 {½-½ (48) Caruana,F (2832)-Shankland,S (2724) Germany 2019}) 8. Qg3 b5 {[%cal Bb7b5,Bb5b4][%mdl 32]} 9. O-O-O {White is slightly better.} Nf6 {With the idea ...b4.} 10. f4 Neg4 11. Bd2 {And now e5 would win.} b4 12. Na4 {[%cal Bc3a4,Ba4b2,Bb2c4,Bc4d6][%mdl 32] Threatens to win with e5.} h5 13. Bd3 $36 {[%mdl 2048] White fights for an advantage.} d5 14. e5 $1 {[%cal Re5f6]} Ne4 15. Bxe4 $1 dxe4 16. b3 ({White should try} 16. h3 $14) 16... Bd7 $1 $11 {[%cal Rd7a4] Strongly threatening ...Bxa4.} 17. Nb2 g6 (17... Bc5 $11 18. h3 Nh6) 18. h3 $16 Nh6 19. Qe1 a5 (19... Qb7 $16 {might work better.}) 20. Qxe4 $18 Rc8 {[#]} 21. g4 $1 Bc5 {aiming for ...Bxd4.} 22. Nc4 a4 23. Nd6+ Bxd6 24. exd6 Qa5 {[#]} (24... Qxd6 $142 25. f5 Bc6 26. Nxc6 Qxc6 27. Qxc6+ Rxc6 28. fxg6 (28. bxa4 gxf5 29. Bg5 f6 $16) 28... fxg6 29. bxa4 (29. Bxb4 axb3 30. axb3 Nf7 $16) 29... Ng8 30. Bxb4 Nf6 31. gxh5 Rxh5) 25. Qe5 $1 {Accuracy: White = 56%, Black = 51%.} 1-0

[Event "O2C Doeberl Cup 2019"]
[Site "Canberra"]
[Date "2019.04.18"]
[Round "1.2"]
[White "Goh, Sean Christian"]
[Black "Smirnov, Anton"]
[Result "0-1"]
[WhiteElo "2080"]
[BlackElo "2567"]
[Annotator "TA"]
[PlyCount "74"]
[EventDate "2019.04.17"]
[EventType "swiss"]
[EventCountry "AUS"]
[SourceTitle "playchess.com"]
[Source "ChessBase"]
[SourceQuality "1"]

{[%evp 9,74,7,0,0,0,-8,34,34,31,12,5,0,19,13,27,22,16,0,-4,-39,-18,-60,-48,-66,-58,-73,-72,-78,-41,-56,-27,-78,-35,-64,-77,-109,-76,-61,-58,-58,-56,-58,-46,-54,-56,-75,-35,-37,-43,-566,-566,-566,-568,-633,-612,-627,-603,-571,-605,-589,-542,-894,-901,-815,-653,-808,-807]} 1. d4 Nf6 2. c4 e6 3. Nf3 d5 4. g3 Bb4+ 5. Bd2 Be7 6. Bg2 {E11: Bogo-Indian} Nbd7 {[%cal Bb8d7,Bd7f6,Bf6e4][%mdl 32]} (6... O-O 7. O-O Nbd7 8. Qc2 c6 9. Bf4 b6 10. cxd5 cxd5 11. Rc1 Bb7 12. Bc7 Qe8 13. Qb3 Nb8 14. a4 Ne4 15. Nc3 Nxc3 16. Rxc3 Na6 17. Bf4 Bb4 18. Rc2 Qe7 19. Rac1 Rac8 20. Ne5 Rxc2 21. Qxc2 {½-½ (48) Ding,L (2812)-Karjakin,S (2753) Astana 2019}) 7. Nc3 Ne4 $146 ({Predecessor:} 7... dxc4 8. Qa4 a6 9. Qxc4 O-O 10. Bf4 c5 11. dxc5 Bxc5 12. O-O b5 13. Qb3 Bb7 {0-1 (47) Buti,R (2123)-Kalema,R (1841) Kampala 2018}) 8. cxd5 {White is slightly better.} Nxc3 9. Bxc3 {Threatens to win with dxe6.} (9. bxc3 {looks sharper.} exd5 10. O-O O-O 11. Qc2 c6 12. e4) 9... exd5 10. O-O O-O 11. Ne5 Nf6 12. Rc1 a5 13. Qd2 c6 14. b3 Bf5 15. Qb2 Ne4 16. a3 Nd6 17. Ra1 Re8 18. a4 f6 19. Nd3 Be4 20. b4 (20. Rfe1 $11 {remains equal.}) 20... axb4 (20... Nc4 {is interesting.} 21. Qa2 Bxg2 22. Kxg2 axb4 23. Nxb4 Bd6) 21. Bxb4 Nc4 22. Qc3 Bxb4 23. Qxb4 Bxd3 24. exd3 Nd6 25. Rfc1 Qd7 26. Qc5 f5 27. a5 {[#]} f4 $1 {[%mdl 512]} 28. a6 (28. gxf4 Ra6) 28... bxa6 29. Qxc6 $2 {[%mdl 8192] [#]} ({White should try} 29. Qb6 $15) 29... Re1+ $1 $19 {[%mdl 576] Deflection. Black is clearly winning.} 30. Rxe1 Qxc6 31. Rac1 Qb7 32. Rc5 Kf8 33. Rxd5 Qb4 34. Ra1 {White hopes to continue with Rxd6!} Re8 35. gxf4 Re1+ 36. Rxe1 Qxe1+ 37. Bf1 Qb4 {Accuracy: White = 28%, Black = 43%.} 0-1

[Event "O2C Doeberl Cup 2019"]
[Site "Canberra"]
[Date "2019.04.18"]
[Round "1.3"]
[White "Sengupta, Deep"]
[Black "Pirotais, Jerome"]
[Result "1-0"]
[WhiteElo "2551"]
[BlackElo "2075"]
[Annotator "TA"]
[PlyCount "95"]
[EventDate "2019.04.17"]
[EventType "swiss"]
[EventCountry "AUS"]
[SourceTitle "playchess.com"]
[Source "ChessBase"]
[SourceQuality "1"]

{[%evp 20,95,48,54,56,21,24,14,14,16,41,0,6,-5,-4,-8,-3,-27,-35,-75,-17,-26,-21,-107,-60,-126,-106,-126,-76,-72,-52,-70,0,0,0,-8,0,0,22,17,126,55,233,225,258,225,339,343,331,314,362,346,342,261,261,172,183,170,468,115,66,8,8,0,0,0,0,0,243,145,793,769,1725,1692,1046,679,585,417]} 1. e4 c5 2. Nf3 g6 3. d4 cxd4 4. Nxd4 Bg7 5. Nc3 Nc6 6. Be3 Nf6 7. Bc4 O-O 8. Bb3 a5 9. O-O a4 10. Nxa4 Nxe4 11. Nb5 {Hoping for Bb6.} d5 {Threatening ...d4. B35: Sicilian: Accelerated Dragon with 5 Nc3: main line} 12. f3 (12. Bb6 $5 {[%cal Rb6d8]} Qd7 13. Nc7 Rxa4 14. Bxa4 Bxb2 15. Qxd5 Bxa1 16. Qxe4 $11) 12... d4 13. Nxd4 $1 ({Much weaker is} 13. fxe4 dxe3 14. Qxd8 Rxd8 $15) 13... Nxd4 {The position is equal.} 14. fxe4 b5 15. Nc3 {[#]} (15. Nc5 {keeps more tension.} Nxb3 16. axb3 Qxd1 17. Rfxd1 Rxa1 18. Rxa1 Bxb2 19. Ra5) 15... Nxb3 $146 ({Predecessor:} 15... e6 16. a4 Nxb3 17. cxb3 b4 18. Nb5 Ba6 19. Qf3 Rc8 20. Rad1 Qe7 21. Rf2 Rfd8 22. Ra1 {½-½ (22) Gritsenko,A (2403)-Khalifman,A (2622) Moscow 2009}) 16. axb3 Rxa1 17. Qxa1 Bb7 18. Nxb5 Bxe4 19. Na3 Qa8 (19... f5 $17 20. Qc1 Qd5) 20. Rf2 $1 $11 Rd8 21. c3 (21. h3 $11 {keeps the balance.}) 21... Rd3 {[%mdl 1024] Black has strong compensation.} 22. Bd2 (22. Qe1 $15) 22... f5 23. Qe1 Qd5 24. Nc4 e6 25. Qe2 Bf8 (25... e5 $15) 26. Be3 Be7 27. Rf1 e5 28. Re1 Bf6 29. Nd2 Be7 (29... f4 $11 30. Bxf4 (30. Nxe4 Qxe4 31. Bb6 Qd5 $11) 30... Bxg2 31. Qxg2 exf4 32. Qxd5+ Rxd5) 30. Nxe4 ({White should try} 30. b4 $1 $16) 30... fxe4 $2 {[#]} (30... Qxe4 $14 31. b4 Qd5) 31. b4 $1 $18 Qc4 32. Bf2 Bg5 (32... Kf7 $142 33. Bg3 (33. Qxe4 Qxe4 34. Rxe4 Rd2 $18) 33... Bf6 34. Qxe4 Qxe4 35. Rxe4 Ke6) 33. Qxe4 Qxe4 34. Rxe4 {[%mdl 4096] Endgame KRB-KRB} Bc1 35. c4 ({Weaker is} 35. Rxe5 Bxb2 36. Re3 Rd1+ 37. Re1 Rd3 $18) 35... Bxb2 36. g4 Kf7 37. b5 {Threatens to win with c5.} Ke6 38. Kg2 Kd6 $2 {[#]} (38... Rd2 {was necessary.}) 39. Re2 $2 (39. c5+ $1 $18 Kd5 40. c6) 39... Bd4 $16 40. h3 (40. Ra2 $14) 40... Rc3 $11 41. Bxd4 exd4 {KR-KR} 42. Rb2 {Strongly threatening b6.} d3 {...Rc2+ is the strong threat.} 43. Kf3 {Black must now prevent b6.} Rc2 $2 (43... d2+ $1 $11 {and Black has nothing to worry.} 44. Ke2 Rxh3 45. Rxd2+ Kc5) 44. Rb3 $18 {aiming for b6.} Rxc4 $2 {[%mdl 8192]} (44... Kc7 $16) 45. b6 {b7 would kill now.White is clearly winning.} d2 46. Ke2 Re4+ 47. Kxd2 Re8 48. Kd3 {Accuracy: White = 47%, Black = 30%.} 1-0

[Event "O2C Doeberl Cup 2019"]
[Site "Canberra"]
[Date "2019.04.18"]
[Round "1.4"]
[White "Litchfield, Frederick"]
[Black "Kunte, Abhijit"]
[Result "0-1"]
[WhiteElo "2072"]
[BlackElo "2485"]
[Annotator "TA"]
[PlyCount "50"]
[EventDate "2019.04.17"]
[EventType "swiss"]
[EventCountry "AUS"]
[SourceTitle "playchess.com"]
[Source "ChessBase"]
[SourceQuality "1"]

{[%evp 13,50,14,27,-21,-4,-9,-14,-253,-233,-237,-235,-261,-260,-244,-250,-314,-307,-358,-345,-1241,-929,-943,-922,-843,-797,-783,-773,-1647,-1493,-29985,-29986,-29987,-29988,-29986,-29987,-29995,-29991,-29989,-1841]} 1. d4 Nf6 2. c4 e6 3. Nc3 Bb4 4. e3 O-O 5. Bd3 b6 6. Nge2 Bb7 7. O-O d5 8. Ng3 {E47: Nimzo-Indian: Rubinstein: 5 Bd3 without ...d5} (8. cxd5 exd5 9. Bd2 Bd6 10. f3 c5 11. Qe1 Nc6 12. Qh4 Be7 13. Qg3 Nb4 14. Bf5 Ba6 15. a3 Nd3 16. Rfb1 g6 {0-1 (32) Yurtseven,M (2397)-Yilmaz,M (2637) Marmaris 2018}) 8... c5 9. cxd5 cxd4 10. dxe6 $146 (10. exd4 $11 Nxd5 11. Qb3) ({Predecessor:} 10. exd4 Bxd5 11. Be3 Bb7 12. a3 Be7 13. Qe2 Nbd7 14. Bc4 g6 15. Rad1 Nd5 16. Nxd5 Bxd5 17. Bxd5 exd5 {½-½ (30) Kelecevic,N (2410)-Osmanovic,K (2375) Pula 1984}) 10... dxc3 $19 11. exf7+ {[#]} Kh8 $1 ({Inferior is} 11... Kxf7 12. Qb3+ Nd5 13. Bc4 $18 (13. e4 Na6 $16)) 12. Qc2 Rxf7 13. bxc3 Bc5 14. Rd1 Nbd7 15. Bb2 Ng4 16. Nf5 $2 (16. Bf5 Qh4 17. Bxg4 Qxg4 18. c4) 16... Qg5 17. h4 Qh5 18. c4 Nde5 19. Bxe5 Nxe5 20. Ng3 Qxh4 {...Ng4 is the strong threat.} 21. Be4 Ng4 {Black mates.} 22. Qd2 Bxe4 23. Nxe4 {[#]} Bxe3 $1 {[%mdl 512]} 24. Qd5 (24. fxe3 Qh2#) 24... Bxf2+ 25. Kf1 {[#]} Ne3+ $1 {[%mdl 64] Double Attack. Accuracy: White = 19%, Black = 83%.} 0-1

[Event "O2C Doeberl Cup 2019"]
[Site "Canberra"]
[Date "2019.04.18"]
[Round "1.5"]
[White "Ikeda, Junta"]
[Black "Lo, Willis"]
[Result "1-0"]
[WhiteElo "2441"]
[BlackElo "2072"]
[Annotator "ChessBase"]
[PlyCount "27"]
[EventDate "2019.04.17"]
[EventType "swiss"]
[EventCountry "AUS"]
[SourceTitle "playchess.com"]
[Source "ChessBase"]
[SourceQuality "1"]
[TimeControl "5400+30"]

1. d4 {[%emt 0:00:00]} e6 {[%emt 0:00:23]} 2. c4 {[%emt 0:00:00]} Nf6 {[%emt 0:00:27]} 3. Nc3 {[%emt 0:00:00]} d5 {[%emt 0:00:30]} 4. g3 {[%emt 0:00:13]} dxc4 {[%emt 0:01:48]} 5. Bg2 {[%emt 0:32:56]} Bb4 {[%emt 0:00:31]} 6. Nf3 {[%emt 0:00:00]} c5 {[%emt 0:02:12]} 7. O-O {[%emt 0:00:00]} Nc6 {[%emt 0:06:05]} 8. Ne5 {[%emt 0:00:00]} Nxe5 {[%emt 0:00:30]} 9. dxe5 {[%emt 0:00:00]} Bxc3 {[%emt 0:06:06]} 10. bxc3 {[%emt 0:00:00]} Qxd1 {[%emt 0:00:52]} 11. Rxd1 {[%emt 0:00:00]} Nd5 {[%emt 0:07:44]} 12. Bd2 {[%emt 0:01:25]} Bd7 {[%emt 0:00:30]} 13. e4 {[%emt 0:00:30]} Ne7 {[%emt 0:00:30]} 14. f3 1-0

[Event "O2C Doeberl Cup 2019"]
[Site "Canberra"]
[Date "2019.04.18"]
[Round "1.6"]
[White "Wang, Kayson"]
[Black "Johansen, Darryl K"]
[Result "0-1"]
[WhiteElo "2020"]
[BlackElo "2364"]
[Annotator "NA"]
[PlyCount "60"]
[EventDate "2019.04.17"]
[EventType "swiss"]
[EventCountry "AUS"]
[SourceTitle "playchess.com"]
[Source "ChessBase"]
[SourceQuality "1"]
[TimeControl "5400+30"]

{[%evp 10,60,43,21,18,18,33,25,41,29,33,27,23,-4,0,-28,-32,-41,7,0,0,0,0,0,0,0,0,0,0,0,0,-20,0,0,0,-8,-14,-25,-23,-25,-23,-16,-17,-16,-22,-37,-23,-31,-34,-27,-26,-50,-27]} 1. d4 {[%emt 0:00:00]} e6 {[%emt 0:00:23]} 2. c4 {[%emt 0:00:00]} Nf6 {[%emt 0:00:30]} 3. g3 {[%emt 0:00:14]} Bb4+ {[%emt 0:00:11]} 4. Bd2 {[%emt 0:00:51]} Qe7 {[%emt 0:00:34]} 5. Bg2 {[%emt 0:04:06]} Nc6 {[%emt 0:00:59]} 6. a3 {[%emt 0:03:00]} Bxd2+ {[%emt 0:00:09] E00: Catalan Bogo-Indian (3 g3 Bb4+)} 7. Qxd2 {[%emt 0:00:08]} O-O {[%emt 0:03:21]} 8. Nc3 {[%emt 0:00:21]} (8. e3 d6 9. Ne2 e5 10. O-O Re8 11. d5 Nb8 12. e4 a5 13. Nbc3 Na6 14. b4 {½-½ (24) Svane,R (2595)-Anand,V (2771) Douglas 2018}) 8... d6 {[%emt 0:00:13] White has an edge.} 9. e3 {[%emt 0:03:33]} e5 {[%emt 0:17:04] next ...exd4 is good for Black.} 10. Nge2 {[%emt 0:02:25]} exd4 $146 {[%emt 0:00:30]} ({Predecessor:} 10... a5 11. O-O e4 12. Nf4 Bf5 13. Ncd5 Nxd5 14. Nxd5 {1-0 (38) Antunes,L (2123)-Piccoli,L (1904) Florianopolis 2017}) 11. exd4 {[%emt 0:03:31]} Na5 {[%emt 0:03:02] Strongly threatening ...Nb3.} 12. Nd5 {[%emt 0:03:22]} Nxd5 {[%emt 0:00:00]} 13. Qxa5 {[%emt 0:02:07]} Nf6 {[%emt 0:02:39]} 14. b3 {[%emt 0:11:02]} c5 15. dxc5 {[%emt 0:03:09]} dxc5 16. Ra2 {[%emt 0:02:15]} b6 17. Qc3 {[%emt 0:03:34]} Bb7 {[%emt 0:00:50]} 18. O-O {[%emt 0:00:29]} Rad8 {[%emt 0:04:24]} 19. Nf4 {[%emt 0:02:38]} Bxg2 {[%emt 0:02:13]} 20. Nxg2 {[%emt 0:07:25]} Qd6 {[%emt 0:09:00]} 21. Re2 {[%emt 0:00:00]} Qd3 {[%emt 0:00:20]} 22. Qxd3 {[%emt 0:00:00]} Rxd3 {[%emt 0:00:10]} 23. Re3 {[%emt 0:00:00]} Rfd8 24. Rfe1 {[%emt 0:07:09]} Kf8 {[%emt 0:06:15]} 25. h3 {[%emt 0:00:00]} Rxe3 {[%emt 0:00:17]} 26. Rxe3 {[%emt 0:00:27]} Rd1+ {[%emt 0:00:33]} 27. Re1 {[%emt 0:02:37]} Rd2 {[%emt 0:02:19]} 28. Re3 {[%emt 0:05:24]} Ra2 {[%emt 0:06:59]} 29. a4 {[%emt 0:00:22]} g5 {[%emt 0:01:15]} 30. Ne1 {[%emt 0:14:24]} Rb2 {[%emt 0:01:58] Accuracy: White = 74%, Black = 68%.} 0-1

[Event "O2C Doeberl Cup 2019"]
[Site "Canberra"]
[Date "2019.04.18"]
[Round "1.7"]
[White "Padmini, Rout"]
[Black "Zhong, Tony"]
[Result "1-0"]
[WhiteElo "2364"]
[BlackElo "2017"]
[Annotator "NA"]
[PlyCount "50"]
[EventDate "2019.04.17"]
[EventType "swiss"]
[EventCountry "AUS"]
[SourceTitle "playchess.com"]
[Source "ChessBase"]
[SourceQuality "1"]
[TimeControl "5400+30"]

{[%evp 19,50,16,25,16,31,10,15,0,45,0,0,-4,-1,-12,-14,-16,-6,-18,-14,-22,-19,-22,-15,-27,-24,-31,-36,-29,3,1,8,6,8]} 1. Nf3 {[%emt 0:00:00]} Nf6 {[%emt 0:00:00]} 2. g3 {[%emt 0:00:29]} b6 {[%emt 0:00:00]} 3. Bg2 {[%emt 0:00:00]} Bb7 {[%emt 0:00:00]} 4. O-O {[%emt 0:01:42]} c5 {[%emt 0:02:03]} 5. c4 {[%emt 0:00:26]} e6 {[%emt 0:00:00]} 6. b3 {[%emt 0:01:00]} a6 {[%emt 0:03:45]} 7. Bb2 {[%emt 0:01:14]} d6 {[%emt 0:04:04]} 8. d3 {[%emt 0:02:07]} Be7 {[%emt 0:01:56]} 9. Nc3 {[%emt 0:01:36]} O-O {[%emt 0:01:28]} 10. e3 {[%emt 0:00:26]} Nbd7 {[%emt 0:11:37]} 11. Qe2 {[%emt 0:03:25] A30: Symmetrical English: Double Fianchetto and Hedgehog} Rc8 {[%emt 0:03:23]} (11... Re8 12. Rad1 b5 13. Ne1 Bxg2 14. Nxg2 d5 15. g4 g6 16. f4 d4 17. exd4 cxd4 18. Ne4 e5 {0-1 (53) Hambleton,A (2479)-Sargissian,G (2652) Douglas 2017}) 12. h3 $146 {[%emt 0:04:33]} ({Predecessor:} 12. Rad1 Rc7 13. Ne1 Qa8 14. f4 Bxg2 15. Nxg2 d5 16. e4 d4 17. Nb1 e5 18. Nd2 Re8 {½-½ (77) Cuenca Jimenez,J (2506)-Rios,C (2436) Panama City 2017}) 12... Qc7 {[%emt 0:05:07]} 13. e4 {[%emt 0:09:44]} Nb8 {[%emt 0:23:02]} 14. Ne1 {[%emt 0:04:47]} Nc6 {[%emt 0:03:11]} 15. Nc2 {[%emt 0:00:08]} Nd4 {[%emt 0:07:57]} 16. Nxd4 {[%emt 0:00:12]} (16. Qd2 {feels hotter.} Nd7 17. f4 h6 18. Ne3 b5 19. Ne2) 16... cxd4 {[%emt 0:00:05]} 17. Nb1 {[%emt 0:00:07]} e5 {[%emt 0:01:29]} 18. Nd2 {[%emt 0:00:15]} g6 {[%emt 0:03:53]} 19. b4 {[%emt 0:18:01]} Nh5 {[%emt 0:03:45]} 20. Bf3 {[%emt 0:03:59]} Ng7 {[%emt 0:00:17]} 21. Nb3 {[%emt 0:06:28]} a5 {[%emt 0:05:18]} 22. a3 {[%emt 0:00:00]} Ne6 {[%emt 0:03:23]} 23. Bg2 {[%emt 0:00:00]} axb4 {[%emt 0:04:17]} 24. axb4 {[%emt 0:00:00]} Ra8 {[%emt 0:00:00]} 25. f4 {[%emt 0:01:02] Hoping for f5.} Rxa1 {[%emt 0:00:23] Accuracy: White = 38%, Black = 53%.} 1-0

[Event "O2C Doeberl Cup 2019"]
[Site "Canberra"]
[Date "2019.04.18"]
[Round "1.8"]
[White "Prasad, Lalit"]
[Black "Tao, Trevor"]
[Result "0-1"]
[WhiteElo "2005"]
[BlackElo "2364"]
[Annotator "NA"]
[PlyCount "36"]
[EventDate "2019.04.17"]
[EventType "swiss"]
[EventCountry "AUS"]
[SourceTitle "playchess.com"]
[Source "ChessBase"]
[SourceQuality "1"]
[TimeControl "5400+30"]

{[%evp 9,36,15,33,36,51,28,25,33,44,35,41,-38,-43,-70,-55,-96,-56,-73,-55,-104,-95,-112,-108,-116,-110,-160,-164,-158,-156]} 1. Nf3 {[%emt 1:29:55]} e6 {[%emt 0:00:00]} 2. g3 {[%emt 0:00:00]} b5 {[%emt 0:00:05]} 3. a4 {[%emt 0:00:00]} (3. Bg2 Bb7 4. O-O c5 5. d3 Nf6 6. e4 d6 7. Nfd2 Nc6 8. a4 b4 9. Nc4 Be7 10. Re1 O-O 11. Nbd2 Qc7 12. Nb3 Rad8 13. Bf4 Qc8 14. c3 bxc3 15. bxc3 {1-0 (40) Grischuk,A (2771)-Geller,J (2518) St Petersburg 2018}) 3... b4 {[%emt 0:00:13]} 4. Bg2 {[%emt 0:00:00]} Bb7 {[%emt 0:00:08]} 5. O-O {[%emt 0:00:00]} f5 $146 {[%emt 0:01:59]} ({Predecessor:} 5... Nf6 6. d3 d5 7. a5 Be7 8. c3 Na6 9. Qa4+ c6 10. Bg5 Rb8 11. Nd4 Qd7 12. cxb4 Ba8 13. b5 cxb5 14. Qd1 {1-0 (35) Kurajica,B (2516)-Bistric,F (2346) Sarajevo 2018}) 6. d3 {[%emt 0:00:00] A04: Unusual lines after 1 Nf3 and King's Indian Attack} Nf6 {[%emt 0:00:07]} 7. e4 {[%emt 0:00:00]} fxe4 {[%emt 0:00:53]} 8. Ng5 {[%emt 0:00:00] White has an edge.} Nc6 {[%emt 0:05:36]} 9. a5 Rb8 {[%emt 0:19:35]} 10. Nd2 {[%emt 0:04:38]} ({White should try} 10. a6 $14 Bc8 11. Be3 (11. Nxe4 d5 $11)) 10... exd3 $15 {[%emt 0:00:00]} 11. Nde4 {[%emt 0:00:00]} Be7 {[%emt 0:00:00]} 12. f4 {[%emt 0:00:00]} Nd4 {[%emt 0:00:00]} 13. Qxd3 {[%emt 0:00:00]} Nf5 {[%emt 0:00:00]} 14. Bd2 {[%emt 0:00:00]} O-O {[%emt 0:00:30]} 15. Nxf6+ {[%emt 0:00:00]} gxf6 {[%emt 0:03:09]} 16. Bxb7 {[%emt 0:00:00]} Rxb7 {[%emt 0:00:04]} ({Much worse is} 16... fxg5 $6 17. Bf3 $11) 17. Qe4 {[%emt 0:00:00]} Rb5 {[%emt 0:01:39]} 18. Nf3 {[%emt 0:00:00]} Qa8 {[%emt 0:00:30] Accuracy: White = 35%, Black = 64%.} 0-1

[Event "O2C Doeberl Cup 2019"]
[Site "Canberra"]
[Date "2019.04.18"]
[Round "2.1"]
[White "Lane, Gary W"]
[Black "Melkumyan, Hrant"]
[Result "1/2-1/2"]
[WhiteElo "2357"]
[BlackElo "2658"]
[Annotator "ChessBase"]
[PlyCount "150"]
[EventDate "2019.04.17"]
[EventType "swiss"]
[EventCountry "AUS"]
[SourceTitle "playchess.com"]
[Source "ChessBase"]
[SourceQuality "1"]
[TimeControl "5400+30"]

1. e4 {[%emt 0:00:00]} e6 {[%emt 0:01:34]} 2. d4 {[%emt 0:00:00]} d5 {[%emt 0:00:08]} 3. Nd2 {[%emt 0:00:00]} c5 {[%emt 0:00:16]} 4. exd5 {[%emt 0:01:36]} Qxd5 {[%emt 0:00:34]} 5. dxc5 {[%emt 0:02:12]} Bxc5 {[%emt 0:00:25]} 6. Ngf3 {[%emt 0:00:07]} Nf6 {[%emt 0:00:23]} 7. Bc4 {[%emt 0:00:07]} Qc6 {[%emt 0:00:12]} 8. Qe2 {[%emt 0:00:27]} O-O {[%emt 0:05:04]} 9. O-O {[%emt 0:00:07]} a6 {[%emt 0:02:02]} 10. a4 {[%emt 0:03:05]} Nbd7 {[%emt 0:08:50]} 11. Nb3 {[%emt 0:10:16]} Bd6 {[%emt 0:03:14]} 12. Nbd4 {[%emt 0:27:32]} Qc7 {[%emt 0:02:07]} 13. Bg5 {[%emt 0:02:00]} Nb6 {[%emt 0:08:15]} 14. Bd3 {[%emt 0:03:27]} Nbd5 {[%emt 0:00:57]} 15. Rfe1 {[%emt 0:01:17]} Bd7 {[%emt 0:07:53]} 16. c3 {[%emt 0:02:12]} h6 {[%emt 0:08:53]} 17. Bxf6 {[%emt 0:03:14]} Nxf6 {[%emt 0:00:29]} 18. Ne5 {[%emt 0:00:30]} Rfd8 {[%emt 0:06:11]} 19. f4 {[%emt 0:03:17]} Bc5 {[%emt 0:00:54]} 20. Bc2 {[%emt 0:02:12]} Be8 {[%emt 0:03:52]} 21. Rad1 {[%emt 0:06:23]} Rac8 {[%emt 0:08:27]} 22. Qf2 {[%emt 0:04:50]} Qb6 {[%emt 0:06:53]} 23. Re2 {[%emt 0:09:14]} Bxd4 {[%emt 0:02:58]} 24. Rxd4 {[%emt 0:03:09]} Rxd4 {[%emt 0:00:10]} 25. Qxd4 {[%emt 0:02:10]} Qxd4+ {[%emt 0:00:16]} 26. cxd4 {[%emt 0:00:02]} Nd5 {[%emt 0:02:20]} 27. g3 {[%emt 0:00:19]} Kf8 {[%emt 0:06:20]} 28. Kf2 {[%emt 0:02:10]} Nb4 {[%emt 0:01:59]} 29. Be4 {[%emt 0:06:42]} Bxa4 {[%emt 0:07:19]} 30. Bxb7 {[%emt 0:00:24]} Rc7 {[%emt 0:01:14]} 31. Be4 {[%emt 0:00:19]} Bb5 {[%emt 0:00:12]} 32. Rd2 {[%emt 0:00:54]} Rc1 {[%emt 0:00:23]} 33. g4 {[%emt 0:01:15]} Rf1+ {[%emt 0:03:33]} 34. Kg3 {[%emt 0:00:08]} Re1 {[%emt 0:00:09]} 35. Kf3 {[%emt 0:01:07]} Ke7 {[%emt 0:01:31]} 36. f5 {[%emt 0:01:53]} Nd5 {[%emt 0:00:21]} 37. Bxd5 {[%emt 0:01:06]} exd5 {[%emt 0:00:03]} 38. Nd3 {[%emt 0:01:41]} Rf1+ {[%emt 0:00:45]} 39. Kg2 {[%emt 0:00:27]} Rb1 {[%emt 0:00:31]} 40. Nf4 {[%emt 0:00:29]} Bc4 {[%emt 0:00:39]} 41. h4 {[%emt 0:00:09]} Re1 {[%emt 0:01:22]} 42. g5 {[%emt 0:00:19]} hxg5 {[%emt 0:00:09]} 43. hxg5 {[%emt 0:00:02]} Kd6 {[%emt 0:01:03]} 44. Nh5 {[%emt 0:01:26]} g6 {[%emt 0:00:29]} 45. fxg6 {[%emt 0:00:04]} fxg6 {[%emt 0:00:02]} 46. Nf4 {[%emt 0:00:06]} Re8 {[%emt 0:00:35]} 47. Kg3 {[%emt 0:00:29]} a5 {[%emt 0:00:51]} 48. Rh2 {[%emt 0:00:24]} Re3+ {[%emt 0:00:21]} 49. Kg4 {[%emt 0:00:57]} Bd3 {[%emt 0:00:11]} 50. Nxd3 {[%emt 0:00:46]} Rxd3 {[%emt 0:00:03]} 51. Rh6 {[%emt 0:00:04]} Rxd4+ {[%emt 0:00:07]} 52. Kf3 {[%emt 0:00:04]} Rd3+ {[%emt 0:00:33]} 53. Kf4 {[%emt 0:00:28]} Rd4+ {[%emt 0:00:03]} 54. Kf3 {[%emt 0:00:04]} Ke5 {[%emt 0:01:29]} 55. Rxg6 {[%emt 0:00:10]} Rf4+ {[%emt 0:00:42]} 56. Ke3 {[%emt 0:00:52]} d4+ {[%emt 0:00:53]} 57. Kd3 {[%emt 0:00:17]} Rf3+ {[%emt 0:00:38]} 58. Kc4 {[%emt 0:00:31]} Rf1 {[%emt 0:00:29]} 59. Ra6 {[%emt 0:00:39]} Rc1+ {[%emt 0:00:31]} 60. Kd3 {[%emt 0:00:14]} Rd1+ {[%emt 0:00:05]} 61. Kc2 {[%emt 0:00:53]} Rg1 {[%emt 0:00:16]} 62. Kd3 {[%emt 0:01:11]} Rg3+ {[%emt 0:00:07]} 63. Kc4 {[%emt 0:00:17]} Rg1 {[%emt 0:00:24]} 64. Kd3 {[%emt 0:00:09]} Rd1+ {[%emt 0:01:02]} 65. Kc2 {[%emt 0:00:16]} Rh1 {[%emt 0:00:15]} 66. Kd3 {[%emt 0:00:26]} Rh3+ {[%emt 0:00:05]} 67. Kc4 {[%emt 0:00:12]} Rh2 {[%emt 0:01:04]} 68. Kd3 {[%emt 0:00:47]} Rh3+ {[%emt 0:00:33]} 69. Kc4 {[%emt 0:00:05]} Rh1 {[%emt 0:00:22]} 70. Ra8 {[%emt 0:00:59]} Rc1+ {[%emt 0:00:19]} 71. Kd3 {[%emt 0:00:07]} Rd1+ {[%emt 0:00:05]} 72. Kc2 {[%emt 0:00:16]} Rg1 {[%emt 0:00:32]} 73. Kd3 {[%emt 0:00:08]} Rd1+ {[%emt 0:00:56]} 74. Kc2 {[%emt 0:00:06]} Rg1 {[%emt 0:00:03]} 75. Kd3 {[%emt 0:00:06]} Rd1+ {[%emt 0:00:06]} 1/2-1/2